000
00224 a2200097 4500
001
13872
100
_a
Schuking L L
245
_a
The Sociology of Lite taste
260
_a
London
_b
Dr. Korl Mannhein
_c
090
_c
10842
_d
10842
942
_a
NUST-CAE
_c
M
_c
939
999
_c
248945
_d
248945